000 00575nam a22002177a 4500
003 LK-CoDNM
005 20241219105842.0
008 241219b |||||||| |||| 00| 0 eng d
040 _aLK-CoDNM
_dLK-CoDNM
_eLK-CoDNM
041 _aeng
080 _a2
_bD19
100 _aThomas Henry Withers, F.G.S.
245 _aCatalogue Of The Machaeridia
250 _aIn The Department Of Geology
260 _aLondon
_bPrinted By The Order Of The Trustees
_c1926
300 _a99p. : ill , 21 cm
490 _vVolume 1
650 _aScience
650 _a1926
942 _cBK
999 _c233582
_d233582